000 00477nam a2200181Ia 4500
001 4431
005 20260306145755.0
008 260306t2006||||xx |||||||||||||| ||spa||
041 _aESP
082 _a321.8
_bP87
100 _aPrograma de las Naciones Unidas para el Desarrollo
_eAUT
245 0 _aLa democracia en el Perú:
_bel mensaje de las cifras
260 _c2006
300 _a315 páginas :
_c28 cm.
650 _aGEN
654 _aCDE
942 _cLIB
_dJUS
_fJUS
_2ddc
_n
999 _c4431
_d4431